000 00619nam a2200253Ia 4500
003 OSt
005 20220912152431.0
006 a|||||r|||| 00| 0
007 ta
008 220909b |||||||| |||| 00| 0 eng d
024 _a47892
037 _cTextual
040 _aCSL
_beng
_cCSL
041 _aeng
082 _aG:5555, M0.1
100 _aPrice J H
245 0 _aShore environment
260 _c1980
300 _ap.
_ccm.
700 _a Farnham W F Ed.
700 _a Irvine D E G
942 _hG:5555, M0.1
_cTEXL
_2CC
999 _c85876
_d85876